[Event "21st World Seniors"]
[Site "Rijeka CRO"]
[Date "2011.11.15"]
[Round "1.14"]
[White "Zhelnin,V"]
[Black "Batakovs,O"]
[Result "1-0"]
[WhiteElo "2430"]
[BlackElo "2085"]

1.e4 c5 2.Nc3 e6 3.Nf3 Nc6 4.d4 cxd4 5.Nxd4 Qc7 6.Be2 Nf6 7.O-O a6 8.Kh1 Be7
9.f4 d6 10.Be3 O-O 11.a4 Bd7 12.Nb3 Nb4 13.a5 Bc6 14.Bf3 d5 15.e5 Ne4 16.Nd4 b5
17.axb6 Qxb6 18.Nf5 Qc7 19.Nxe7+ Qxe7 20.Ne2 Bb5 21.Re1 Rac8 22.Nd4 Nc6 23.Nxb5 axb5
24.c3 Nc5 25.Qe2 Rb8 26.Red1 Rfc8 27.Qf2 Nd7 28.b4 Qd8 29.Be2 Qc7 30.Ra6 Qb7
31.Rda1 h6 32.Kg1 Kh8 33.h3 Qc7 34.Bf1 Qb7 35.Be2 Kg8 36.h4 Qc7 37.h5 Rb7
38.Qf1 Rcb8 39.Ra8 Kh7 40.Bd3+ g6 41.hxg6+ fxg6 42.Qe2 Ne7 43.Rxb8 Qxb8 44.Ra6 Qc8
45.Rxe6 Nf8 46.Rf6 Ng8 47.Ra6 Qxc3 48.Bc5 Nd7 49.Bxg6+ Kh8 50.Qe3 Qc4 51.Bd3 Qc3
52.Bf5 Qc4 53.Bxd7 Rxd7 54.e6 Rc7 55.Qe1  1-0

[Event "15th Zenica Int"]
[Site "Zenica BIH"]
[Date "2011.11.15"]
[Round "4.2"]
[White "Radic,B"]
[Black "Martinovic,Sl"]
[Result "0-1"]
[WhiteElo "2165"]
[BlackElo "2433"]

1.e4 c5 2.Nf3 e6 3.d4 cxd4 4.Nxd4 Nc6 5.Nc3 Qc7 6.Be3 a6 7.Be2 Nf6 8.O-O Be7
9.f4 d6 10.Kh1 O-O 11.Qe1 Bd7 12.Qg3 Kh8 13.Bf3 Rae8 14.Rad1 Bd8 15.e5 dxe5
16.Nxc6 Bxc6 17.fxe5 Ng8 18.Ne4 Bxe4 19.Bxe4 g6 20.Rf2 Be7 21.Qf3 b5 22.Rfd2 Rd8
23.Bb7 Rxd2 24.Rxd2 Bc5 25.Bf4 Rb8 26.Be4 Rd8 27.Qd1 Rxd2 28.Qxd2 Bf8 29.h3 Qc4
30.Bb7 Qxa2 31.Qd3 h5 32.g4 Bc5 33.Be3 Bxe3 34.Qxe3 hxg4 35.hxg4 Kg7 36.Bc6  0-1

[Event "21st World Seniors"]
[Site "Rijeka CRO"]
[Date "2011.11.17"]
[Round "3.9"]
[White "Rooze,J"]
[Black "Kuyindzhi,A"]
[Result "0-1"]
[WhiteElo "2321"]
[BlackElo "2435"]

1.e4 c5 2.Nf3 e6 3.Nc3 Nc6 4.d4 cxd4 5.Nxd4 Nf6 6.Nxc6 bxc6 7.e5 Nd5 8.Ne4 f5
9.exf6 Nxf6 10.Nd6+ Bxd6 11.Qxd6 Qb6 12.Bd3 c5 13.Bf4 Bb7 14.O-O-O Rc8 15.Qxb6 axb6
16.Bb5 Bc6 17.Bxc6 Rxc6 18.Rhe1 d5 19.f3 Kf7 20.Be5 Ra8 21.a3 Nd7 22.f4 Ra4
23.f5 exf5 24.Bxg7 Re6 25.Bc3 Rxe1 26.Rxe1 Re4 27.Rf1 Ke6 28.Rf3 d4 29.Bd2 Re2
30.Rg3 Nf6 31.Kd1 Rf2 32.Ke1 Ne4  0-1

[Event "21st World Seniors"]
[Site "Rijeka CRO"]
[Date "2011.11.17"]
[Round "3.5"]
[White "Filipenko,A"]
[Black "Jansa,Vl"]
[Result "1/2-1/2"]
[WhiteElo "2353"]
[BlackElo "2478"]

1.e4 c5 2.Nf3 e6 3.d4 cxd4 4.Nxd4 Nc6 5.Nc3 a6 6.g3 d6 7.Bg2 Bd7 8.O-O Nf6
9.Nxc6 Bxc6 10.Bf4 Be7 11.e5 dxe5 12.Bxc6+ bxc6 13.Bxe5 Qb6 14.Qf3 O-O 15.Ne4 Nxe4
16.Qxe4 Rfd8 17.Rad1 Rac8 18.c4 c5 19.Bc3 Bf6 20.Bxf6 gxf6 21.b3 Rd4 22.Rxd4 cxd4
23.Rd1 Rd8 24.Qg4+ Kf8 25.Qh4 Kg7 26.Qg4+  1/2-1/2

[Event "WYCC U14 Open"]
[Site "Caldas Novas BRA"]
[Date "2011.11.18"]
[Round "1"]
[White "Kalra,Agastya"]
[Black "Vazquez,Guillermo"]
[Result "0-1"]
[WhiteElo "1846"]
[BlackElo "2309"]

1.e4 c5 2.Nf3 e6 3.d4 cxd4 4.Nxd4 Nc6 5.Nc3 Qc7 6.Be3 a6 7.a4 Nf6 8.Nb3 Bb4
9.f3 d5 10.Bd2 dxe4 11.Nxe4 Nxe4 12.fxe4 Qe5 13.Bd3 Qxb2 14.O-O Bxd2 15.Qxd2 O-O
16.Rfe1 Qe5 17.Re3 Ne7 18.Rg3 Ng6 19.Rf1 f6 20.Qe3 Qc7 21.Nd2 Ne5 22.Qf4 Bd7
23.Qh6 Bxa4 24.Rxf6 Nxd3 25.Rxf8+ Rxf8 26.Qxe6+ Kh8 27.Rxd3 Qc5+ 28.Kh1 Qxc2
29.Qf7 Qd1+ 30.Nf1 Qxf1+  0-1

[Event "WYCC U18 Girls"]
[Site "Caldas Novas BRA"]
[Date "2011.11.18"]
[Round "1"]
[White "Saduakassova,D"]
[Black "Morales Flores,Monserrat"]
[Result "1-0"]
[WhiteElo "2193"]
[BlackElo "1898"]

1.e4 c5 2.Nf3 e6 3.d4 cxd4 4.Nxd4 Nc6 5.Nc3 a6 6.Be2 Nf6 7.Nxc6 bxc6 8.e5 Nd5
9.Ne4 Be7 10.c4 Nb6 11.Be3 Rb8 12.Nd6+ Bxd6 13.Qxd6 Rb7 14.b3 Qe7 15.Qxe7+ Kxe7
16.Bc5+ Ke8 17.Bd6 Na8 18.b4 Nc7 19.a4 Ra7 20.O-O Kd8 21.Rfd1 Ne8 22.Bc5 Rb7
23.Bf3 Kc7 24.b5 Rb8 25.Bd6+ Nxd6 26.exd6+ Kd8 27.bxc6 dxc6 28.Bxc6 Rb6 29.Bf3 Bb7
30.Be2 Be4 31.Rd4 Bg6 32.c5 Rc6 33.Rc1 e5 34.Rb4 Kd7 35.Bf3 Rcc8 36.Bb7 Rb8
37.Rb6  1-0

[Event "WYCC U14 Girls"]
[Site "Caldas Novas BRA"]
[Date "2011.11.18"]
[Round "1"]
[White "Aponte,Oriana Isabel"]
[Black "Correa,Lucila"]
[Result "1-0"]
[WhiteElo "1888"]
[BlackElo "1612"]

1.e4 c5 2.Nf3 Nc6 3.d4 cxd4 4.Nxd4 e6 5.Nc3 Bc5 6.Nxc6 bxc6 7.Bd3 Nf6 8.O-O O-O
9.e5 Nd5 10.Nxd5 exd5 11.Qh5 g6 12.Qh6 Re8 13.Bg5 Be7 14.Bxe7 Rxe7 15.Rae1 Qe8
16.Re3 Qf8 17.Qf4 Bb7 18.Qh4 Rae8 19.Rh3 Qg7 20.f4 h5 21.f5 Rxe5 22.f6 Qh6
23.Bxg6 Ba6 24.Bxh5 Rxh5 25.Qxh5 Qxh5 26.Rxh5 Bxf1 27.Kxf1 Re4 28.Rg5+ Kf8
29.g3 Re6 30.Rf5 Kg8 31.h4 Kh7 32.g4 Re4 33.Rh5+ Kg6 34.Rg5+ Kxf6 35.Rg8 Re5
36.g5+ Kf5 37.h5 Re4 38.Rg7 Rh4 39.Rxf7+ Kxg5 40.Rxd7 Rxh5 41.Rxa7 Rh2 42.Rg7+ Kf5
43.Rg2 Rh1+ 44.Ke2 Ke4 45.a4 Kd4 46.c3+ Kc4 47.Rg4+ Kc5 48.b4+ Kb6 49.a5+ Kb5
50.Rg7 Rh2+ 51.Kd3 Rh3+ 52.Kc2 Kc4 53.Rg4+ Kb5 54.Rg6 Rh4 55.a6 Rh7 56.Kd3 Ra7
57.Kd4 Rxa6 58.Rg8 Rb6 59.Ra8 Ra6 60.Rxa6 Kxa6 61.Kc5 Kb7 62.b5 Kc7 63.bxc6 Kc8
64.Kd6 Kd8 65.Kxd5 Kc7 66.c4 Kc8 67.Kd6 Kd8 68.c7+ Kc8 69.c5  1-0

[Event "WYCC U18 Girls"]
[Site "Caldas Novas BRA"]
[Date "2011.11.18"]
[Round "1"]
[White "Tallo,Emily"]
[Black "Arabidze,M"]
[Result "0-1"]
[WhiteElo "1954"]
[BlackElo "2329"]

1.e4 c5 2.Nf3 e6 3.d4 cxd4 4.Nxd4 Nc6 5.Nc3 a6 6.Be2 Qc7 7.O-O Nf6 8.Be3 b5
9.a3 Bb7 10.f4 d6 11.Bf3 Nxd4 12.Qxd4 e5 13.Qd2 Rc8 14.Rad1 Be7 15.Qf2 O-O
16.g4 Qc4 17.Qg2 exf4 18.Bxf4 d5 19.e5 Ne4 20.Bd2 Rcd8 21.Kh1 Bh4 22.b3 Qc6
23.Ne2 Qb6 24.Ng3 Bxg3 25.hxg3 Rfe8 26.Bf4 g5 27.Bc1 Rxe5 28.Bb2 Re6 29.Bd4 Qc7
30.Bxe4 dxe4 31.Be3 h6 32.Qf2 Rxd1 33.Rxd1 Rd6 34.Rf1 Qd7 35.Qf5 Rd1 36.Qxd7 Rxd7
37.Rf6 Kg7 38.Rb6 Bc8 39.Kg2 Rd1 40.c4 Rd3 41.Kf2 Rxb3 42.Bd4+ Kh7 43.cxb5 axb5
44.Bc5 Bxg4 45.Rb7 Be6 46.Bb4 e3+ 47.Ke1 Bc4 48.Rd7 Rb1+ 49.Rd1 Rb2 50.Rd4 Rg2  0-1

[Event "15th Zenica Int"]
[Site "Zenica BIH"]
[Date "2011.11.18"]
[Round "8.2"]
[White "Muratovic,En"]
[Black "Radic,B"]
[Result "1/2-1/2"]
[WhiteElo "2305"]
[BlackElo "2165"]

1.e4 c5 2.Nf3 Nc6 3.d4 cxd4 4.Nxd4 e6 5.Nc3 Qc7 6.Be3 a6 7.f4 d6 8.Qf3 Nf6
9.Nxc6 bxc6 10.g4 h5  1/2-1/2

[Event "WYCC U18 Open"]
[Site "Caldas Novas BRA"]
[Date "2011.11.19"]
[Round "2"]
[White "Zhou,Y"]
[Black "Rosen,E"]
[Result "1/2-1/2"]
[WhiteElo "2436"]
[BlackElo "2305"]

1.e4 c5 2.Nf3 Nc6 3.d4 cxd4 4.Nxd4 e6 5.Nc3 Qc7 6.g3 a6 7.Bg2 d6 8.O-O Bd7
9.Re1 Be7 10.Nxc6 bxc6 11.Na4 Rb8 12.Qe2 c5 13.Nc3 Rb6 14.a4 Qc8 15.a5 Rb8
16.Bf1 Ra8 17.e5 d5 18.Na4 Bxa4 19.Rxa4 Bd8 20.Qg4 g6 21.c4 h5 22.Qd1 Ne7
23.cxd5 Nxd5 24.Bg2 Qd7 25.Qc2 Be7 26.h4 Rd8 27.Bg5 Bxg5 28.hxg5 Qe7 29.Bxd5 Rxd5
30.Qe2 Qb7 31.Rf4 Kf8 32.Rc4 Qe7 33.Qe3 Kg7 34.Rec1 h4 35.gxh4 Qd7 36.Qf3 Rb8
37.h5 gxh5 38.Rh4 Rh8 39.Kg2 Qd8 40.Qf4 Rd4 41.Qf6+ Qxf6 42.gxf6+ Kg6 43.Kh3 c4
44.Rc3 Kf5 45.Rxc4 Rxc4 46.Rxc4 Rb8 47.Rc7 Kxe5 48.Rxf7 Rxb2  1/2-1/2

[Event "Egyptian Open 2011"]
[Site "Cairo EGY"]
[Date "2011.11.20"]
[Round "2"]
[White "Labib,I"]
[Black "Nagy,As"]
[Result "1-0"]
[WhiteElo "2408"]
[BlackElo "2026"]

1.e4 c5 2.Nf3 Nc6 3.d4 cxd4 4.Nxd4 e6 5.Nc3 Bb4 6.Nxc6 Bxc3+ 7.bxc3 bxc6
8.Bd3 Ne7 9.Ba3 d5 10.Qh5 Ng6 11.e5 Qa5 12.Bb4 Qc7 13.Bd6 Qa5 14.O-O Qd8
15.f4 Ne7 16.g4 Ba6 17.Bxa6 Qb6+ 18.Rf2 Qxa6 19.f5 exf5 20.e6 g6 21.Qg5 Qb7
22.Qf6 Rf8 23.Re1 fxe6 24.Qxe6 Rf7 25.Bxe7 Qd7 26.Bc5+ Qxe6 27.Rxe6+ Kd7
28.Rfe2 Rb8 29.Re7+ Rxe7 30.Rxe7+ Kd8 31.Rxh7 Rb2 32.gxf5 gxf5 33.Rxa7 Rxc2  1-0

[Event "WYCC U14 Open"]
[Site "Caldas Novas BRA"]
[Date "2011.11.20"]
[Round "3"]
[White "Ladva,O"]
[Black "Girish,A"]
[Result "1-0"]
[WhiteElo "2106"]
[BlackElo "2394"]

1.e4 c5 2.Nf3 e6 3.d4 cxd4 4.Nxd4 Nc6 5.Nc3 d6 6.Be3 Nf6 7.Bc4 Be7 8.Qe2 a6
9.Bb3 Qc7 10.O-O-O O-O 11.Rhg1 b5 12.g4 Nxd4 13.Bxd4 Nd7 14.g5 Nc5 15.Bd5 Rb8
16.Qh5 Bd7 17.Bf6 Rfe8 18.Rg4 Qd8 19.Rf4 exd5 20.Bxg7 Be6 21.Bf6 Nxe4 22.Nxe4 dxe4
23.Rg1 Bd7 24.g6 fxg6 25.Rxg6+ Kf8 26.Bxe7+  1-0

[Event "Haije Kramer Vierkamp"]
[Site "Leeuwarden NED"]
[Date "2011.11.20"]
[Round "6"]
[White "De Jong,M"]
[Black "Brandenburg,D"]
[Result "0-1"]
[WhiteElo "2367"]
[BlackElo "2519"]

1.e4 c5 2.Nf3 e6 3.d4 cxd4 4.Nxd4 Nc6 5.Nc3 Qc7 6.Ndb5 Qb8 7.Be3 a6 8.Nd4 Qc7
9.Be2 Nf6 10.a3 Be7 11.g4 d5 12.Nxc6 bxc6 13.g5 Nd7 14.h4 Rb8 15.Rb1 O-O
16.h5 f5 17.exd5 cxd5 18.Nxd5 Qa5+ 19.Nb4 f4 20.Bd2 Qxg5 21.Nc6 Bc5 22.Bf3 Rb6
23.Qe2 Nf6 24.b4 Bd6 25.c4 Bd7 26.b5 axb5 27.cxb5 Rc8 28.Qd3 Bxc6 29.Bxc6 Bc5
30.Kf1 Ng4 31.Qe4 Rcxc6 32.bxc6 Rxb1+ 33.Qxb1 Qd5 34.Qb8+ Bf8 35.Qxf4 Qxh1+
36.Ke2 Qxh5 37.c7 Nf6+ 38.Kd3 Qg6+ 39.Kc3 Nd5+ 40.Kb2 Nxf4 41.c8=Q Nd5 42.a4 Qf6+
43.Ka2 Kf7 44.Qb7+ Be7 45.a5 Qxf2 46.Qb2 Bb4 47.a6 Qxd2  0-1

[Event "Cultural Village Tournament"]
[Site "Wijk aan Zee NED"]
[Date "2011.11.21"]
[Round "1.3"]
[White "Adhiban,B"]
[Black "Haast,A"]
[Result "1-0"]
[WhiteElo "2544"]
[BlackElo "2268"]

1.e4 c5 2.Nf3 e6 3.d4 cxd4 4.Nxd4 Nc6 5.Nc3 Qc7 6.Be3 a6 7.Qd2 Nf6 8.O-O-O Bb4
9.f3 O-O 10.g4 b5 11.g5 Ne8 12.a3 Ba5 13.Nb3 b4 14.Na4 bxa3 15.Nxa5 Nxa5
16.Kb1 Rb8 17.b3 d6 18.Qc3 Nc6 19.Bc1 a2+ 20.Kxa2 f5 21.gxf6 Rxf6 22.Kb1 Bb7
23.Be2 Qf7 24.Bb2 Rf4 25.Rhg1 Ne5 26.Rxd6 Nxf3 27.Bxf3 Rxf3 28.Qe5 Rc8 29.Rxe6 Rf1+
30.Rxf1 Qxf1+ 31.Ka2 Nf6 32.Re7  1-0

[Event "Cultural Village Tournament"]
[Site "Wijk aan Zee NED"]
[Date "2011.11.22"]
[Round "2.4"]
[White "Naroditsky,D"]
[Black "Adhiban,B"]
[Result "1-0"]
[WhiteElo "2472"]
[BlackElo "2544"]

1.e4 c5 2.Nf3 e6 3.d4 cxd4 4.Nxd4 Nc6 5.Nc3 Qc7 6.g3 a6 7.Bg2 Nf6 8.O-O d6
9.a4 Be7 10.h3 O-O 11.Be3 Na5 12.Qe2 Bd7 13.g4 Rfc8 14.g5 Ne8 15.Kh1 Nc4
16.Bc1 g6 17.b3 Qc5 18.Rd1 Nd2 19.Qxd2 Qxc3 20.Qxc3 Rxc3 21.Bd2 Rc5 22.c4 Bxg5
23.b4 Bf6 24.bxc5 Bxd4 25.Ra2 dxc5 26.e5 Ng7 27.Bxb7 Rb8 28.Be4 Nf5 29.Be3 Rb3
30.Bxf5 Bc6+ 31.Kg1 gxf5 32.Bxd4 Rxh3 33.f3 Bxf3 34.Rd3 Rh1+ 35.Kf2 cxd4
36.Rad2 Be4 37.Rg3+ Kf8 38.Rxd4 Rc1 39.Rd8+ Ke7 40.Rgg8 Bc6 41.Rc8 Kd7 42.Rgd8+ Ke7
43.Rd6 Rc2+ 44.Ke3 Bxa4 45.Rxa6 Kd7 46.Rc5 Bb3 47.Ra7+ Kd8 48.Rb5 Rc3+ 49.Kd4 Rxc4+
50.Kd3 Bd1 51.Kxc4 Be2+ 52.Kc5 Bxb5 53.Kxb5 Ke8 54.Ra8+ Ke7 55.Rh8  1-0

[Event "Cultural Village Tournament"]
[Site "Wijk aan Zee NED"]
[Date "2011.11.23"]
[Round "3.3"]
[White "Klein,Da"]
[Black "Naroditsky,D"]
[Result "1-0"]
[WhiteElo "2378"]
[BlackElo "2472"]

1.e4 c5 2.Ne2 Nc6 3.d4 cxd4 4.Nxd4 e6 5.Nc3 Qc7 6.Be3 a6 7.Qd2 Nf6 8.O-O-O Be7
9.f3 O-O 10.g4 b5 11.g5 Nh5 12.Nce2 Rd8 13.Ng3 Nxd4 14.Qxd4 Nf4 15.h4 Bb7
16.Qb6 Qb8 17.Kb1 Ng6 18.h5 Ne5 19.f4 Ng4 20.Bh3 Nxe3 21.Qxe3 Qc7 22.Bf1 a5
23.g6 fxg6 24.hxg6 hxg6 25.Bd3 Kf7 26.Qe2 Rh8 27.Qg4 Qc5 28.e5 Bxh1 29.Qxg6+ Kf8
30.Nh5 Rg8 31.Rxh1 Bd8 32.Rf1 Ke7 33.Nxg7 Kf8 34.f5 Rxg7 35.fxe6+ Bf6 36.e7+ Qxe7
37.exf6  1-0

[Event "21st World Seniors"]
[Site "Rijeka CRO"]
[Date "2011.11.24"]
[Round "9.8"]
[White "Zhelnin,V"]
[Black "Jansa,Vl"]
[Result "1-0"]
[WhiteElo "2430"]
[BlackElo "2478"]

1.e4 c5 2.Nf3 e6 3.d4 cxd4 4.Nxd4 Nc6 5.Nc3 d6 6.Be2 Nf6 7.O-O Be7 8.Kh1 O-O
9.f4 a6 10.a4 Bd7 11.Nb3 Na5 12.e5 Ne8 13.Nxa5 Qxa5 14.Bd3 Bc6 15.Qe2 g6
16.Bd2 Qc7 17.a5 Ng7 18.exd6 Bxd6 19.Ne4 Be7 20.Bc3 f6 21.Rae1 Rad8 22.Rd1 Bd5
23.Bd2 Rc8 24.b3 Rfd8 25.c4 Bc6 26.Bc3 Kf7 27.Qe3 Rd7 28.Rde1 Rf8 29.Bc2 Nf5
30.Qh3 Kg8 31.Ng3 Bc5 32.Rxe6 Ne3 33.Rxe3 Bxe3 34.Qe6+ Kg7 35.Qxe3 Re7 36.Qf2 h5
37.h4 Rfe8 38.Qd4 Re6 39.Kh2 Kh7 40.Bxg6+  1-0

[Event "Femida Cup Women"]
[Site "Kharkiv UKR"]
[Date "2011.11.25"]
[Round "6"]
[White "Sharovskaya,O"]
[Black "Andriasian,S"]
[Result "1/2-1/2"]
[WhiteElo "1966"]
[BlackElo "2220"]

1.e4 c5 2.Nf3 e6 3.d4 cxd4 4.Nxd4 Nc6 5.Nc3 a6 6.Be3 Qc7 7.Bd3 Nf6 8.O-O d6
9.Kh1 Be7 10.f4 O-O 11.Qe1 Bd7 12.Qg3 b5 13.a3 Nxd4 14.Bxd4 Bc6 15.Rae1 Ne8
16.e5 g6 17.f5 exf5 18.e6 Ng7 19.Bxg7 Kxg7 20.Bxf5 Kh8 21.Bd3 f5 22.Ne2 Bf6
23.c3 Be5 24.Qh3 Rae8 25.Nf4 Bxf4 26.Rxf4 Bd5 27.Rd4 Rxe6 28.Rxe6 Bxe6 29.Qg3 Re8
30.Qxd6 Qxd6 31.Rxd6 Bc4 32.Kg1 Bxd3 33.Rxd3 Re2 34.Rd8+ Kg7 35.Ra8 Rxb2
36.Rxa6 Rb3 37.a4 bxa4 38.Rxa4 Rxc3 39.Kf2 Kf6 40.h4 Rc6 41.Kf3 h6 42.g3 g5
43.hxg5+ hxg5 44.Ra5 Rc3+ 45.Kf2 Rc2+ 46.Kg1 Rd2 47.Ra8 Kg6 48.Ra5 Rd6 49.Kf2 Rb6
50.Rc5 Kf6 51.Ra5 Rd6 52.Kf3 Rd2 53.Ra6+ Kg7 54.Ke3 Rg2 55.Kf3 Rb2 56.Rc6 Kf7
57.Ra6 Rc2 58.Rb6 Rd2 59.Ra6 Rd3+ 60.Kf2 Rd4 61.Rb6 Re4 62.Ra6 Re6 63.Ra5 Kf6
64.Kf3 Rb6 65.Kf2 Rb4 66.Rc5 Ke6 67.Ra5 Rd4 68.Ke3 Rd5 69.Ra8 Rb5 70.Rg8 Kf6
71.Ra8 Rb3+ 72.Kf2 Rb2+ 73.Kf1 Ke5 74.Rg8 g4 75.Re8+ Kd4 76.Re7 Rb3 77.Kf2 Rf3+
78.Kg2 Re3 79.Rd7+ Ke4 80.Re7+ Kd3 81.Rd7+ Ke2 82.Rf7 Re5 83.Rf8 Ke3 84.Rf7 Rb5
85.Re7+ Kd4 86.Kf2 Rb2+ 87.Kf1 Kd5 88.Re8 Rb6 89.Kf2 Re6 90.Rxe6 Kxe6 91.Ke2 Kf7
92.Kf1 Ke7 93.Ke1 Kd7 94.Kd1 Kc6 95.Ke2 Kd7 96.Kd1 Kd6 97.Kd2 Kd5 98.Kd3 Kd6
99.Kd2 Ke7 100.Ke1 Kf6 101.Kf2 Kg5 102.Ke3 Kf6 103.Ke2 Kg7 104.Ke1 Kg8 105.Ke2 Kf8
106.Kf2 Kf7 107.Kf1 Kf6 108.Kf2 Ke5 109.Ke3 f4+ 110.gxf4+  1/2-1/2

[Event "21st World Seniors Women"]
[Site "Rijeka CRO"]
[Date "2011.11.25"]
[Round "10.7"]
[White "Kozlovskaya,V"]
[Black "Fomina,T"]
[Result "1/2-1/2"]
[WhiteElo "2281"]
[BlackElo "2215"]

1.e4 c5 2.Nf3 e6 3.d4 cxd4 4.Nxd4 Nc6 5.Nc3 Qc7 6.a3 a6 7.Be2 Nf6 8.O-O Be7
9.Be3 d6 10.h3 Bd7 11.Nb3 b5 12.f4 Rc8 13.Bf3 O-O 14.Qe2 Na5 15.Nxa5 Qxa5
16.Qf2 Qc7 17.Rad1 Bc6 18.g4 Qb7 19.Qg2 d5 20.exd5 Nxd5 21.Nxd5 Bxd5 22.Bxd5 exd5
23.c3 Bc5 24.Bxc5 Rxc5 25.Rfe1 h6 26.Re5 Rd8 27.Qe2 Rc7 28.Qe3 Qc6 29.Rd4 Rcd7
30.Kg2 Rd6 31.f5 Kf8 32.Qf3 f6 33.Re2 Re8 34.Rxe8+ Kxe8 35.Kf2 Rd7 36.Rd2 Kf7
37.h4 Qd6 38.Kg2 Kf8 39.Rd4 Qe5 40.a4 Qe1 41.Rd1 Qe5 42.axb5 axb5 43.Rd2 Re7
44.Rf2 Ke8 45.Qd3 Qe4+ 46.Qxe4 Rxe4 47.Kf3 Kd7 48.Rd2 Kd6 49.Rd4 Re1 50.Rb4 Kc5  1/2-1/2

[Event "45th ch-RSA 2011"]
[Site "Cape Town RSA"]
[Date "2011.11.26"]
[Round "1"]
[White "Cawdery,D"]
[Black "Steel,H"]
[Result "1-0"]
[WhiteElo "2269"]
[BlackElo "2388"]

1.e4 c5 2.Nf3 e6 3.d4 cxd4 4.Nxd4 Nc6 5.Nc3 a6 6.Be3 Nf6 7.Be2 Qc7 8.O-O Bb4
9.Na4 Be7 10.Nxc6 bxc6 11.Nb6 Rb8 12.Nxc8 Qxc8 13.Bd4 c5 14.Bc3 Nxe4 15.Bxg7 Rg8
16.Be5 d6 17.f3 dxe5 18.fxe4 Rg7 19.Qd3 c4 20.Qxc4 Qxc4 21.Bxc4 Bc5+ 22.Kh1 Rxb2
23.Bb3 Rg4 24.Rae1 Rf4 25.g3 Rxf1+ 26.Rxf1 Ke7 27.Kg2 a5 28.a4 Bd4 29.g4 Bc5
30.Kf3 Kf6 31.h4 Kg6 32.Ke2 f6 33.Kd3 Bd4 34.Kd2 Bc5 35.Kd3 Bd4 36.Kc4 h6
37.Kb5 Bc3 38.Kc6 Bb4 39.Kd7 f5 40.gxf5+ exf5 41.Rxf5 Bc3 42.h5+ Kg7 43.Rf1 Bd4
44.Ke6 Kh7 45.Kf6 Bc3 46.Rg1 Bd4 47.Rg7+ Kh8 48.Rb7 Bc3 49.Rc7  1-0

[Event "Frauenbundesliga 2011-12"]
[Site "Germany GER"]
[Date "2011.11.26"]
[Round "3.3"]
[White "Rudolf, Anna"]
[Black "Schleining, Zoya"]
[Result "1/2-1/2"]
[WhiteElo "2359"]
[BlackElo "2326"]

1.e4 c5 2.Nf3 e6 3.d4 cxd4 4.Nxd4 Nc6 5.Nc3 Qc7 6.Be2 Nf6 7.O-O a6 8.Be3 Be7
9.f4 d5 10.exd5 exd5 11.Bf3 O-O 12.Nxd5 Nxd5 13.Bxd5 Rd8 14.Bxc6 bxc6 15.Qf3 Bb7
16.Nf5 Bf6 17.Qf2 c5 18.c3 Rd5 19.Ng3 Rad8 20.Ne4 Qc6 21.Rae1 Be7 22.Re2 Rd1
23.Nd2 Rxf1+ 24.Qxf1 Qa4 25.Nb3 c4 26.Nc5 Bxc5 27.Bxc5 Rd1 28.Re8+ Qxe8 29.Qxd1 h6
30.Bd4 Qe4  1/2-1/2

[Event "Vizag GM Open"]
[Site "Visakhapatnam IND"]
[Date "2011.11.26"]
[Round "4"]
[White "Vaibhav,S"]
[Black "Navin,K"]
[Result "1-0"]
[WhiteElo "2448"]
[BlackElo "2377"]

1.e4 c5 2.Nf3 e6 3.d4 cxd4 4.Nxd4 Nc6 5.Nc3 Qc7 6.Be2 a6 7.O-O Nf6 8.Be3 Be7
9.f4 d6 10.Kh1 O-O 11.a4 Re8 12.Qd2 Rb8 13.a5 Nd7 14.Nb3 b5 15.axb6 Nxb6
16.Rfd1 Nb4 17.Na5 Nc6 18.Nxc6 Qxc6 19.Bxa6 Nc4 20.Bxc4 Qxc4 21.Ra4 Qc6 22.b3 Ba6
23.Rda1 Rec8 24.Ba7 Ra8 25.Rxa6 Qxc3 26.Qxc3 Rxc3 27.Bd4 Rxa6 28.Bxc3 Rc6
29.Ra8+ Bf8 30.Bb4 f6 31.e5 fxe5 32.fxe5 Rxc2 33.Kg1 Kf7 34.exd6 Rc1+ 35.Kf2 Rd1
36.d7  1-0

[Event "Vizag GM Open"]
[Site "Visakhapatnam IND"]
[Date "2011.11.26"]
[Round "5"]
[White "Petrosian,TL"]
[Black "Vaibhav,S"]
[Result "0-1"]
[WhiteElo "2636"]
[BlackElo "2448"]

1.e4 c5 2.Nf3 e6 3.d4 cxd4 4.Nxd4 Nc6 5.Nc3 Qc7 6.Be2 a6 7.O-O Nf6 8.Be3 Be7
9.f4 d6 10.a4 O-O 11.Kh1 Bd7 12.Nb3 b6 13.Bf3 Rab8 14.g4 Bc8 15.g5 Nd7 16.Bg2 Re8
17.Qh5 g6 18.Qh4 Bf8 19.Rf3 Bg7 20.f5 Bxc3 21.f6 h5 22.gxh6 Kh7 23.bxc3 Nce5
24.Rg3 Qxc3 25.Bc5 Qxa1+ 26.Nxa1 bxc5 27.Rb3 Bb7 28.Qe1 Bc6 29.Rxb8 Rxb8
30.Nb3 Bxa4 31.Qd1 Rb6 32.h3 Bxb3 33.cxb3 Nxf6 34.Kh2 Kxh6 35.Kg3 Kg7 36.Kh2 Kf8
37.Kg3 Ke7 38.Kf4 Rb4 39.Kg5 Rb8 40.Kf4 g5+ 41.Ke3 Rb4 42.Kf2 Nxe4+ 43.Bxe4 Rxe4
44.Qh5 Rf4+ 45.Kg2 f6 46.Qh7+ Nf7 47.Qd3 Rb4 48.Qxa6 f5 49.Qd3 Kf6 50.Qd1 e5
51.Qc2 e4 52.Qd1 f4 53.h4 f3+ 54.Kg3 gxh4+ 55.Kf4 Rd4 56.Qg1 Ke7 57.Qh2 Kd7
58.Qh3+ Kc7 59.Qf5 Ne5 60.Ke3 Rb4 61.Qh7+ Nd7 62.Qf5 Kc6 63.Qe6 Rd4 64.Qe8 Kc7
65.Qe6 Nb6 66.Qe7+ Kc6 67.Qe8+ Kb7 68.Kf2 Ka6 69.Qe6 Rd2+ 70.Kf1 Rd1+ 71.Kf2 Rd4
72.Qh6 d5 73.Qf8 Rd2+ 74.Ke1 Re2+ 75.Kf1 h3 76.b4 Rc2 77.Qh8 h2 78.b5+ Kxb5
79.Qe8+ Kb4 80.Qh8 h1=Q+  0-1

[Event "Frauenbundesliga 2011-12"]
[Site "Germany GER"]
[Date "2011.11.27"]
[Round "4.2"]
[White "Madl, Ildiko"]
[Black "Zozulia, Anna"]
[Result "1/2-1/2"]
[WhiteElo "2399"]
[BlackElo "2377"]

1.e4 c5 2.Nf3 e6 3.d4 cxd4 4.Nxd4 Nc6 5.Nc3 Qc7 6.f4 a6 7.Nxc6 Qxc6 8.Bd3 Nf6
9.Qe2 d6 10.Bd2 Be7 11.e5 Nd7 12.exd6 Bh4+ 13.Kf1 Nc5 14.Ne4 Nxe4 15.Qxe4 Qxd6
16.Bc3 Bf6 17.Bxf6 gxf6 18.Qe3 Bd7 19.Kf2 Bc6 20.Rhd1 Qd5 21.Bf1 Qh5 22.Kg1 Rg8
23.a4 Rd8 24.Rxd8+ Kxd8 25.Qd4+ Kc8 26.Re1 Qa5 27.c3 Rd8 28.Qe3 Qxa4 29.b4 Qc2
30.Re2 Qd1 31.Re1 Qd2 32.Qg3 h5 33.h4 Rd7 34.Qe3 Qd5 35.c4 Qd4 36.b5 axb5
37.cxb5 Be4 38.Kf2 Bg6 39.Rc1+ Kb8 40.Qxd4 Rxd4 41.Ke3 Re4+ 42.Kf3 Ra4 43.Be2 e5
44.g3 Ka7 45.Rc7 Kb6 46.Re7 exf4 47.gxf4 Kc5 48.Ke3 Ra3+ 49.Kf2 Ra2 50.Ke3 Ra3+
51.Kf2 Ra2  1/2-1/2

[Event "45th ch-RSA 2011"]
[Site "Cape Town RSA"]
[Date "2011.11.28"]
[Round "4"]
[White "Van den Heever,D"]
[Black "Steel,H"]
[Result "1/2-1/2"]
[WhiteElo "2287"]
[BlackElo "2388"]

1.e4 c5 2.Nf3 e6 3.d4 cxd4 4.Nxd4 Nc6 5.Nc3 d6 6.Nxc6 bxc6 7.Bd3 d5 8.O-O Nf6
9.Re1 Be7 10.e5 Nd7 11.Qg4 g6 12.Bh6 Rb8 13.Qh3 Rb4 14.g3 Bf8 15.Bxf8 Kxf8
16.Qh6+ Kg8 17.b3 Qf8 18.Qd2 h5 19.a3 Rb8 20.h4 Kg7 21.Qf4 Qe7 22.b4  1/2-1/2

[Event "VIII Regina Prol"]
[Site "Santos BRA"]
[Date "2011.11.28"]
[Round "4.4"]
[White "Assumpcao,R"]
[Black "Santiago,Y"]
[Result "0-1"]
[WhiteElo "2245"]
[BlackElo "2335"]

1.e4 c5 2.Nf3 e6 3.d4 cxd4 4.Nxd4 Nc6 5.Nc3 Qc7 6.Ndb5 Qb8 7.Be3 a6 8.Nd4 Nf6
9.a3 b5 10.Nxc6 dxc6 11.Bd3 Bd6 12.h3 O-O 13.O-O e5 14.Qf3 c5 15.Bg5 Nd7
16.Rfd1 f6 17.Be3 Nb6 18.Be2 Be6 19.b3 Rd8 20.Qg3 Qc7 21.Rd2 Bf8 22.Rxd8 Rxd8
23.f3 c4 24.b4 Qc6 25.Qf2 Nc8 26.Nd1 f5 27.Bg5 Rd7 28.exf5 Bxf5 29.Ne3 Qg6
30.Bh4 Bxh3 31.Bg3 Be6 32.Bxe5 Ne7 33.Rd1 Nc6 34.Rxd7 Bxd7 35.Bc3 a5 36.bxa5 Bc5
37.Bd2 Qe8 38.Kf1 Nxa5 39.Bxa5 Bxe3 40.Qh4 Ba7 41.Qe4 Qxe4 42.fxe4 Be6 43.Bf3 Bd4
44.Ke2 Be5 45.Kd2 Kf7 46.Bc3 Kf6 47.Bxe5+ Kxe5 48.Kc3 g5 49.g3 g4 50.Bg2 Bd7
51.Kb4 Kd4 52.c3+ Ke3 53.e5 Kf2 54.Be4 Kxg3 55.Bd5 Kf4 56.e6 Be8 57.Kc5 h5
58.Bc6 Bg6 59.Bxb5 h4 60.a4 g3 61.Bc6 h3  0-1

[Event "X Mario Covas"]
[Site "Santos BRA"]
[Date "2011.11.29"]
[Round "6.4"]
[White "Fusco,L"]
[Black "Coelho,L"]
[Result "1/2-1/2"]
[WhiteElo "2383"]
[BlackElo "2392"]

1.e4 c5 2.Nf3 Nc6 3.d4 cxd4 4.Nxd4 e6 5.Nc3 Qc7 6.Be3 Nf6 7.Be2 a6 8.O-O Be7
9.f4 d6 10.Qe1 Nxd4 11.Bxd4 b5 12.a3 Bb7 13.Bd3 O-O 14.Qg3 e5 15.fxe5 Nh5
16.Qf2 dxe5 17.Bb6 Qc8 18.Kh1 Nf4 19.Ne2 f5 20.Nxf4 fxe4 21.Qe2 Qc6 22.Bxe4 Qxe4
23.Qxe4 Bxe4 24.Nd3 Rxf1+ 25.Rxf1 Bf6 26.Re1 Bxd3 27.cxd3 Rc8 28.Ba5 Rc2
29.Bc3 e4 30.d4 Be7 31.Re3 Rc1+ 32.Re1 Rc2 33.Re3 Bg5 34.Rxe4 Bd2 35.Bxd2 Rxd2
36.Kg1 Rxb2 37.Re6 a5 38.Ra6 a4 39.Ra7 Rd2 40.Rb7 Rb2 41.h4 b4 42.axb4 a3
43.Ra7 a2 44.Kh2 Rxb4  1/2-1/2

[Event "Cultural Village Tournament"]
[Site "Wijk aan Zee NED"]
[Date "2011.11.29"]
[Round "8.5"]
[White "Klein,Da"]
[Black "Bernadskiy,V"]
[Result "0-1"]
[WhiteElo "2378"]
[BlackElo "2439"]

1.e4 c5 2.Ne2 Nc6 3.d4 cxd4 4.Nxd4 e6 5.Nc3 Qc7 6.Be3 a6 7.Qd2 Nf6 8.O-O-O Bb4
9.f3 Ne5 10.Nb3 b5 11.Qe1 Be7 12.f4 Ng6 13.e5 Ng4 14.Ne4 O-O 15.Bc5 Bb7 16.h3 Nh6
17.Bxe7 Nxe7 18.Bd3 Ng6 19.g3 Bd5 20.Kb1 a5 21.Bxb5 Nf5 22.Rg1 a4 23.Nd4 a3
24.Nc3 Nxd4 25.Rxd4 Qc5 26.Qd2 Rfb8 27.b3 Ne7 28.Nxd5 Nxd5 29.c4 Rxb5 30.cxd5 exd5
31.Rc1 Qb6 32.Rxd5 Rxd5 33.Qxd5 Rd8 34.Qf3 Qd4 35.Qc3 Qe4+ 36.Ka1 h5 37.Qd2 Qf3
38.Rc3 Qf1+ 39.Qc1 Qxh3 40.Qxa3 h4 41.Qc1 hxg3 42.Qg1 d6 43.Rxg3 Qh6 44.Qd4 Qh4
45.Rd3 Rc8 46.Rd1 dxe5 47.Qxe5 Qh2 48.Qf5 Ra8 49.a4 Qg3 50.Rd7 Qxb3 51.a5 Qa3+  0-1

[Event "45th ch-RSA 2011"]
[Site "Cape Town RSA"]
[Date "2011.11.30"]
[Round "6"]
[White "Kobese,W"]
[Black "Ovcina,D"]
[Result "1-0"]
[WhiteElo "2355"]
[BlackElo "2249"]

1.e4 c5 2.Nf3 e6 3.d4 cxd4 4.Nxd4 Nc6 5.Nc3 Qc7 6.Be2 a6 7.O-O Nf6 8.Be3 Bb4
9.Na4 O-O 10.c4 Bd6 11.g3 Nxe4 12.c5 Be5 13.f4 Bxd4 14.Bxd4 Nxd4 15.Qxd4 f5
16.Bf3 Qc6 17.Nb6 Rb8 18.Rac1 Rd8 19.Bg2 Qc7 20.Bxe4 fxe4 21.Qd6  1-0